000 00558nam a2200181Ia 4500
008 090123s9999 xx 000 0 und d
082 _b27493
100 _aकणेकर शिरिष मधुकर
245 _aइरसालकी
250 _a1
260 _bश्रीकल्प प्रकाशन
300 _a200
600 _aकणेकर शिरिष मधुकर
630 _aइरसालकी
700 _aकणेकर शिरिष मधुकर
730 _aइरसालकी
942 _cBOOK
999 _c65839
_d65839